|
|
|
|
| LEADER |
00782nam a2200229 4500 |
| 001 |
000982229 |
| 003 |
CZ BrMZK |
| 005 |
20190102155029.0 |
| 008 |
010907s1994 au ger |
| 020 |
|
|
|a 3-205-05513-6
|
| 040 |
|
|
|a BOA001
|b cze
|
| 100 |
1 |
|
|a Sarnitz, August,
|d 1956-
|7 xx0016972
|
| 245 |
1 |
0 |
|a Ernst Lichtblau :
|b Architekt 1883-1963 : Gestell und Gestalt im Raum : Reflexionen über ein Paradigma der modernen Architektur
|
| 260 |
|
|
|a Wien :
|b Böhlau,
|c 1994
|
| 300 |
|
|
|a 240 s.
|
| 541 |
|
|
|a 22.9.1998
|
| 653 |
|
|
|a Lichtblau, Ernst 1883-1963
|
| 653 |
|
|
|a architektura
|
| 910 |
|
|
|a BOA001
|b RK-0003.675
|
| 990 |
|
|
|a BK
|
| 991 |
|
|
|z 000007795
|x 33
|
| 996 |
7 |
|
|b 261A000833
|c RK-0003.675
|l Rakouská knihovna/2.patro
|r ZHR
|n 0
|p {1-A-03.675}
|h A
|w 000982229
|u 000010
|a 0
|e BOA001
|j MZK50
|s A
|